000
00248nam a2200109Ia 4500
008
220204s9999 xx 000 0 und d
082
_a
82-3
_b
KAZ
100
_a
Kazan, Elia
245
0
_a
Acts of love
260
_a
London
_b
Granada
_c
1978
942
_c
BK
999
_c
30779
_d
30779